| 000 | 00594nam a2200277Ia 4500 | ||
|---|---|---|---|
| 005 | 20260401122259.0 | ||
| 008 | 008 250103s9999 xx 000 0 eng d | ||
| 020 | _a1405149639 | ||
| 037 | _aTB | ||
| 040 | _aEDL | ||
| 040 | _beng | ||
| 040 | _cEDL | ||
| 041 | _2eng | ||
| 041 | _aeng | ||
| 084 | _a941.07 DIC | ||
| 084 | _qEDL | ||
| 245 | 0 | _aCompanion to 18th Century Britain | |
| 260 | _aMalden | ||
| 260 | _bBlackwell Publishing | ||
| 260 | _c2006 | ||
| 300 | _a550p | ||
| 942 | _cTB | ||
| 942 | _h941.07 DIC | ||
| 999 |
_c1846197 _d1846197 |
||